| 000 | 00852nam a2200205 a 4500 | ||
|---|---|---|---|
| 003 | 0 | ||
| 005 | 20250410125618.0 | ||
| 008 | 970101s19uu xx 00 eng d | ||
| 050 |
_aPGS RA 644.S17 _b.Sa252 2004 |
||
| 100 | _aSasaki, Nina Beatrice Asentista. | ||
| 245 |
_aThe awareness of grade 6 students of Southville International School and Colleges school year 2003-2004 on S.A.R.S. / _cNina Beatrice Asentista Sasaki. |
||
| 260 |
_aLas PiƱas City, Philippines : _bSouthville International School and Colleges, _c2004. |
||
| 300 |
_a27 pages : _bcolored illustrations ; _c28 cm. |
||
| 504 | _aIncludes bibliographical references. | ||
| 650 | _aSevere Acute Respiratory Syndrome (SARS). | ||
| 650 |
_aHealth education _vStudents. |
||
| 650 |
_aAwareness _vHealth education. |
||
| 650 |
_aDisease outbreaks _vSocial aspects. |
||
| 942 |
_2lcc _cPASS |
||
| 999 |
_c97049 _d97049 |
||